Statistics for Top 20 best football clubs of 1980s

Click here to take the quiz!

General Stats

  • This quiz has been taken 42 times
    (41 since last reset)
  • The average score is 17 of 20

Answer Stats

PositionHintAnswer% Correct
4Champions League 1989, Serie A 1988AC Milan
100%
12 Champions League, 6 Premier league titlesLiverpool
100%
2Champions League 1985, 4 Serie A titlesJuventus
98%
32 UEFA Cup, 5 La Liga titlesReal Madrid
98%
10Champions League 1987, 3 Primeira LigaPorto
95%
11Champions League 1988, 4 Eredivisie titlesPSV
95%
122 Cup Winners Cup, La Liga 1985Barcelona
93%
76 Bundesliga titles, 2 Champions League finalsBayern Munich
93%
185 Primeira Liga, Champions League 1988 finalBenfica
90%
5Champions League 1986, 5 Romanian Liga ISteaua Bucharest/FCSB
90%
15Champions League 1982, Premier League 1981Aston Villa
88%
19Cup Winners Cup 1987, 4 EredivisieAjax
85%
9UEFA Cup 1989, Serie A 1987Napoli
85%
8Cup Winners Cup 1986, 4 Soviet Top LeagueDynamo Kyiv
83%
202 Serie A titlesInter Milan
80%
6Champions League 1983, 2 Bundesliga titlesHamburger
73%
16Copa Libertadores 1981, 3 Campeonato Brasileiro Série AFlamengo
68%
132 Copa Libertadores, 4 Uruguayan Primera DivisiónPeñarol
65%
17Cup Winners Cup 1985, 2 Premier League titlesEverton
58%
142 Copa Libertadores, 2 Uruguayan Primera DivisiónNacional
43%

Score Distribution

Percentile by Number Answered

Percent of People with Each Score

Your Score History

You have not taken this quiz since the last reset